00755nam a2200205 i 450000100060000000300090000600500170001500700030003200800410003510000370007624500650011326000290017830000260020749000440023365000610027783000520033885200210039099900170041195201210042894666ES-MaACL20230906181529.0t|050511s1918 fr ||||1| fre d1 aLouis, Paul (d1872-1955)97431810aAspects politiques de la guerre mondiale / cpar Paul Louis. aParis : bAlian, c1918. aVI, 260 p. ; c19 cm.1 aBibliothèque d'histoire contemporaine04aGuerra mundial, 1914-1918-xAspectos políticos.9132140 aBibliothèque d'histoire contemporaine9180875 aES-MaACLjG-7265 c94666d94666 00104070aATENEOMbATENEOMcDEPO2d2008-01-17eSCl0oG-7265p1098865r2023-02-23 00:00:00w2023-02-23yMONOGRAFIA